[Event "SRB-chT3 North CS"]
[White "Joksimovic, Dusko"]
[Black "Manojlovic, Selimir"]
[Site "Serbia"]
[Round "3.2"]
[Result "1/2-1/2"]
[Date "2012.09.22"]
[WhiteElo "2143"]
[BlackElo "2084"]
[PlyCount "78"]
[EventDate "2012.09.21"]
[EventType "team"]
[EventRounds "10"]
[EventCountry "SRB"]
[SourceTitle "EXT 2015"]
[Source "ChessBase"]
[SourceDate "2014.11.20"]
[SourceVersion "1"]
[SourceVersionDate "2014.11.20"]
[SourceQuality "1"]

1. e4 Nf6 2. e5 Nd5 3. c4 Nb6 4. d4 d6 5. Nf3 Bg4 6. h3 Bh5 7. exd6 exd6 8. Be2 Be7 9. 0-0 0-0 10. Nc3 Nc6 11. b3 Bf6 12. Be3 d5 13. c5 Nc8 14. Nh2 Bxe2 15. Nxe2 g6 16. Qd2 h5 17. Nf3 N8e7 18. Bg5 Nf5 19. Bxf6 Qxf6 20. b4 Nh4 21. Nxh4 Qxh4 22. b5 Ne7 23. Qf4 Qxf4 24. Nxf4 Rad8 25. g4 hxg4 26. hxg4 g5 27. Rae1 Nc8 28. Nh5 Kh7 29. Ng3 Rfe8 30. Nf5 Re6 31. f3 Rde8 32. Kf2 Rxe1 33. Rxe1 Rxe1 34. Kxe1 Kg6 35. a4 Kf6 36. a5 Ke6 37. Kd2 b6 38. Ng7+ Kd7 39. axb6 axb6 1/2-1/2

[Event "SRB-chT3 North"]
[White "Joksimovic, Dusko"]
[Black "Tomic, Slobodan"]
[Site "Kragujevac"]
[Round "4"]
[Result "1/2-1/2"]
[Date "2010.10.03"]
[WhiteElo "2147"]
[BlackElo "2063"]
[PlyCount "27"]
[EventDate "2010.09.12"]
[EventType "team"]
[EventRounds "11"]
[EventCountry "SRB"]
[SourceTitle "EXT 2012"]
[Source "ChessBase"]
[SourceDate "2011.11.24"]
[SourceVersion "1"]
[SourceVersionDate "2011.11.24"]
[SourceQuality "1"]

1. e4 e5 2. Nf3 Nf6 3. Nxe5 d6 4. Nf3 Nxe4 5. Qe2 Qe7 6. d3 Nf6 7. Bg5 Qxe2+ 8. Bxe2 Be7 9. Nc3 h6 10. Bd2 Nc6 11. h3 Bd7 12. 0-0-0 0-0-0 13. Rhe1 Rhe8 14. d4 1/2-1/2

[Event "SRB-chT3 North"]
[White "Tomovic, Aleksandar"]
[Black "Joksimovic, Dusko"]
[Site "Kragujevac"]
[Round "3"]
[Result "1-0"]
[Date "2010.09.26"]
[WhiteElo "2229"]
[BlackElo "2147"]
[PlyCount "89"]
[EventDate "2010.09.12"]
[EventType "team"]
[EventRounds "11"]
[EventCountry "SRB"]
[SourceTitle "EXT 2012"]
[Source "ChessBase"]
[SourceDate "2011.11.24"]
[SourceVersion "1"]
[SourceVersionDate "2011.11.24"]
[SourceQuality "1"]

1. Nf3 Nf6 2. d4 d5 3. c4 e6 4. g3 g6 5. Bg2 Bg7 6. 0-0 0-0 7. Nc3 Nbd7 8. cxd5 exd5 9. Bf4 c6 10. Rc1 Re8 11. b4 Ne4 12. Re1 h6 13. Nxe4 dxe4 14. Nd2 f5 15. Nc4 Nf6 16. Be5 Be6 17. b5 Bd5 18. bxc6 Bxc6 19. e3 Bd5 20. Bf1 Re6 21. Qd2 Rc8 22. Na5 Rxc1 23. Rxc1 b6 24. Ba6 Qe7 25. Rc8+ Bf8 26. Nc4 Rc6 27. Rxc6 Bxc6 28. Bd6 Qe6 29. Bxf8 Kxf8 30. Qb4+ Qe7 31. Qc3 Bd5 32. Ne5 Kg7 33. a4 Ng4 34. Nxg4 fxg4 35. Bc8 h5 36. h3 gxh3 37. Bxh3 Qd6 38. Qc8 Qe7 39. Qb8 Bc6 40. Bf1 Bd5 41. Bb5 Qf7 42. Qe5+ Kh7 43. Be8 Qb7 44. Qf6 Qg7 45. Qd6 1-0

[Event "SRB-chT3 North"]
[White "Todorcevic, Djordje"]
[Black "Joksimovic, Dusko"]
[Site "Kragujevac"]
[Round "2"]
[Result "1/2-1/2"]
[Date "2010.09.19"]
[WhiteElo "1987"]
[BlackElo "2147"]
[PlyCount "77"]
[EventDate "2010.09.12"]
[EventType "team"]
[EventRounds "11"]
[EventCountry "SRB"]
[SourceTitle "EXT 2012"]
[Source "ChessBase"]
[SourceDate "2011.11.24"]
[SourceVersion "1"]
[SourceVersionDate "2011.11.24"]
[SourceQuality "1"]

1. d4 Nf6 2. c4 g6 3. Nc3 Bg7 4. e4 d6 5. f3 0-0 6. Be3 c6 7. Qd2 Qa5 8. Bd3 e5 9. d5 Na6 10. Rc1 Bd7 11. Nge2 Nc5 12. Bb1 cxd5 13. Nxd5 Qxd2+ 14. Kxd2 Nxd5 15. cxd5 Rfc8 16. b4 Na6 17. a3 Nc7 18. Bd3 a6 19. Rc3 Nb5 20. Bxb5 axb5 21. Rhc1 Rxc3 22. Rxc3 Rc8 23. Kc2 f5 24. Nc1 f4 25. Bb6 Rxc3+ 26. Kxc3 g5 27. Bd8 g4 28. Nb3 h5 29. Na5 Bc8 30. Kb3 Kf7 31. Bh4 Bf6 32. Bf2 Bd8 33. a4 Bxa5 34. bxa5 bxa4+ 35. Kxa4 Bd7+ 36. Kb4 gxf3 37. gxf3 Ke8 38. Kc3 Bh3 39. Kd2 1/2-1/2

[Event "SRB-chT3 North"]
[White "Ilic, Zoran B"]
[Black "Joksimovic, Dusko"]
[Site "Serbia"]
[Round "7.6"]
[Result "1/2-1/2"]
[Date "2008.10.24"]
[WhiteElo "2215"]
[BlackElo "2151"]
[PlyCount "53"]
[EventDate "2008.09.14"]
[EventType "team"]
[EventRounds "11"]
[EventCountry "SRB"]
[SourceTitle "EXT 2012"]
[Source "ChessBase"]
[SourceDate "2011.11.24"]
[SourceVersion "1"]
[SourceVersionDate "2011.11.24"]
[SourceQuality "1"]

1. c4 Nf6 2. Nc3 e5 3. Nf3 Nc6 4. e4 d6 5. d4 Bg4 6. d5 Nd4 7. Be3 Nxf3+ 8. gxf3 Bd7 9. Qd2 c6 10. dxc6 bxc6 11. c5 Be6 12. cxd6 Qxd6 13. Rg1 Qxd2+ 14. Kxd2 g6 15. Kc2 Nd7 16. Na4 Be7 17. f4 exf4 18. Bxf4 Nb6 19. Nc3 f6 20. Be3 Kf7 21. Rd1 Rhd8 22. Be2 Rxd1 23. Rxd1 Rb8 24. Bf4 Re8 25. Be3 Rb8 26. Bf4 Re8 27. Be3 1/2-1/2